000 00553nam a2200193Ia 4500
003 GCL
008 140319s9999 xx 000 0 ara d
040 _aGCL /
_cGCL
082 0 4 _a811.5
_bع د
100 1 _aعبدالوهاب عزام
245 1 0 _aديوان ابى الطيب المتنبى /
_cعبدالوهاب عزام
300 _a590 ص
490 _a
650 0 4 _aالشعر العربى
650 0 4 _aالادب العربى
650 0 4 _aدواوين وقصائد
650 0 4 _aالمتنبى, ابو الطيب
942 _2ddc
_cBK
999 _c40521
_d40521